LEADER 01868nam a2200385 i 4500 001 000000071681 003 CaOOAMICUS 005 20081216000000.0 008 081216s1979 ne u000 u eng u 013 $a42853 020 $a9027709696 020 $a9027708858 040 $aSeMil$bita 100 0 $aIoannes Paulus II,$c.$0(OLS)http://semarc/name/646 245 14$aThe acting person /$ccardinal Karol Wojtyla ; translated from the Polish by Andrzej Potocki ; this definite text of the work established in collaboration with the author by Anna Teresa Tymieniecka for the publication in the Reidel book series Analecta Husserliana. 260 $aDordrecht [etc.] :$bD. Reidel Publ. Co.,$cc1979. 300 $axxiii, 367 p. :$b1 ritr., 1 p. di tav. ;$c23 cm. 490 0 $aAnalecta Husserliana ;$v10 650 4$aAntropologia filosofica.$0(OLS)http://semarc/subject/976 650 4$aFenomenologia.$0(OLS)http://semarc/subject/2270 650 4$aAtto .$0(OLS)http://semarc/subject/3265 650 4$aPersona.$0(OLS)http://semarc/subject/6892 700 1 $aTymieniecka, Anna Teresa <1923-2014>.$0(OLS)http://semarc/name/33213 700 1 $aPotocki, Andrzej.$0(OLS)http://semarc/name/35586 830 0$aAnalecta Husserliana ;$v10.$0(OLS)http://semarc/title/25743 850 $aSeMil 852 $aSeMil$W1$xVenegono$y1$m2P IV 385$j37834$B37834$CSeMilBibl$Z2$F37837 $81 900 1 $aWojtyla, Karol,$d<1920-2005>. 900 0 $aGiovanni Paolo II$c. 996 $6020$a9027709696$9(OLS)http://semarc/number/50826 996 $6020$a9027708858$9(OLS)http://semarc/number/50827 996 $6245$aThe acting person$9(OLS)http://semarc/title/115351 996 $6260$aDordrecht [etc.] :$bD. Reidel Publ. Co.$9(OLS)http://semarc/publisher/42968 LEADER 01099nam a2200229 i 4500 001 000000144928 003 CaOOAMICUS 005 20051111000000.0 008 051111s1935 it u000 u ita u 013 $a120320 040 $aSeMil$bita 100 0 $aTommaso : d'Aquino,$c.$0(OLS)http://semarc/name/423 245 13$aLa politica :$bestratti della «Somma Teologica» e «De Regimine Principum» /$cS. Tommaso d'Aquino ; Traduzione, introduzione e note a cura di Ulisse Pucci. 260 $aTorino [etc.] :$bSEI,$c1935. 300 $a186 p. ;$c20 cm. 650 4$aTommaso : d'Aquino . Summa theologiae.$0(OLS)http://semarc/subject/340 700 1 $aPucci, Ulisse.$0(OLS)http://semarc/name/54850 850 $aSeMil 852 $aSeMil$W1$xVenegono$y1$m54 61 43 *$j97754$B97754$CSeMilBibl$Z2$F105659 $81 961 $aRecupero: Biblioteca Seminario Saronno 996 $6245$aLa politica :$bestratti della «Somma Teologica» e «De Regimine Principum»$9(OLS)http://semarc/title/211945 996 $6260$aTorino [etc.] :$bSEI$9(OLS)http://semarc/publisher/32375